Queridos monstruos: 10 cuentos para ponerte los pelos de punta

Salvato in:
Dettagli Bibliografici
Autore principale: Bornemann, Elsa (Autore)
Natura: Libro
Lingua:spagnolo
Pubblicazione: Santiago Santillana del Pacífico S. A. Ediciones 2015
Edizione:1a. ed
Serie:Santillana Infantil
Soggetti:
Tags: Aggiungi Tag
Nessun Tag, puoi essere il primo ad aggiungerne!!

MARC

LEADER 00000cam a2200000 a 4500
001 UCD4023
003 CL-VaPUC
005 20250311122629.0
008 160623e20150000cl |||||||||||||||||spa|d
999 |c 364996  |d 364994 
020 |a 9789561527317 
040 |c Pontificia Universidad Católica de Valparaíso 
082 0 4 |a Ar863  |b BOR  |2 21 
100 |a Bornemann, Elsa  |e author  |9 545133 
245 1 0 |a Queridos monstruos: 10 cuentos para ponerte los pelos de punta 
250 |a 1a. ed 
260 |a Santiago  |b Santillana del Pacífico S. A. Ediciones  |c 2015 
300 |a 207 p 
490 0 |a Santillana Infantil 
583 |a last modification  |c 20160623 20:48:00  |k Rodrigo Vera 
650 0 |a Literatura infantil argentina  |9 307465  |x Cuentos 
942 |c BK  |2 ddc 
945 |d 20160623 20:48:00  |a dcastane 
952 |0 0  |1 0  |3 erb  |4 0  |6 AR_863_000000000000000_BOR_2015  |7 0  |8 A  |9 478679  |a BIBEDU  |b BIBEDU  |i 5370981  |o Ar863 BOR 2015  |p 5370981  |r 2019-11-24  |w 2019-11-24  |y BK  |z Catalogado en:20170331  |k PAR 
952 |0 0  |1 0  |3 erb  |4 0  |6 AR_863_000000000000000_BOR_2015  |7 0  |8 A  |9 478680  |a BIBEDU  |b BIBEDU  |i 537099K  |o Ar863 BOR 2015  |p 537099K  |r 2019-11-24  |w 2019-11-24  |y BK  |z Catalogado en:20170331  |k PAR